000 01629nam0a2200385 4500
001 RU\NLR\bibl\125358
005 20250617102657.0
021 _aRU
_b2000-37881
_91748
035 _a(NLR Aleph) 000122784
090 _a699611
_c699611
100 _a20001204d2000 |||y0rusy50 ca
101 0 _arus
102 _aRU
105 _aac |||||||||
200 1 _aХимки и окрестности
_eОчерки из истории
_eК 60-летию г. Химки и Химк. р-на
_e[Сборник
_fГ.В. Ильин, Б.А. Павлов, И.И. Поляк и др.
_gГл. ред. О.А. Бударина]
210 _aХимки
_cАдминистрация Химк. р-на
_d2000
215 _a353, [3] с.
_cил., цв. ил., факс., портр.
_d29
320 _aБиблиогр. в конце разд.
607 _aХимки, город (Московская область)
_xИстория
_92188405
_3RU\NLR\auth\661315647
610 0 _aХимки, г. (Моск. обл.) - История
610 0 _aИстория
610 0 _aХимкинский р-н, Моск. обл., история
675 _a94(470.311-21Химки)
_v3
_zrus
686 _a03.19
_2rugasnti
686 _a63.3(235.44)
_2rubbk
686 _aТ3(2Р-4Мо-2Х)
701 1 _aИльин
_bГ. В.
_f1923-
_gГеоргий Васильевич
_4070
702 1 _aБударина
_f1956-
_gОльга Алексеевна
_4340
801 0 _aRU
_bRKP
_c20001204
_gPSBO
801 1 _aRU
_bRKP
_c20001204
801 2 _aRU
_bNLR
_c20010112
_grcr
852 _aNLR
_j2000-8/2223
942 _cBOOK
980 _aNB